Destroy The Death Star! - Statistics

General Stats
  • This quiz has been taken 932 times
  • The average score is 6 of 10
Answers on the Map
Answers color-coded by a green-red scale on the quiz's map according to % correct below.
 
Answer Stats
Featured in... Villain % Correct
Episodes IV - VI Darth Vader
97%
Episodes I - VI, IX Darth Sidious
92%
Episode I / The Clone Wars / Rebels Maul
87%
Episodes II - III / The Clone Wars Count Dooku
75%
Episodes VII - IX Kylo Ren
74%
Episode III / The Clone Wars General Grievous
65%
The Clone Wars Asajj Ventress
37%
Rebels / Ahsoka Grand Admiral Thrawn
36%
The Mandalorian Moff Gideon
33%
Rebels / Obi-Wan Kenobi The Grand Inquisitor
32%
No matching quizzes found
Score Distribution
Percent of People with Each Score
Percentile by Number Answered
Your Score History
You have not taken this quiz